LEADER 04695nam 2200661 a 450 001 9910782513303321 005 20230828200722.0 010 $a1-282-19409-7 010 $a9786612194092 010 $a3-11-019772-3 024 7 $a10.1515/9783110197723 035 $a(CKB)1000000000689111 035 $a(EBL)325615 035 $a(OCoLC)290492663 035 $a(SSID)ssj0000220727 035 $a(PQKBManifestationID)11201764 035 $a(PQKBTitleCode)TC0000220727 035 $a(PQKBWorkID)10157496 035 $a(PQKB)11109926 035 $a(MiAaPQ)EBC325615 035 $a(DE-B1597)32244 035 $a(OCoLC)853261120 035 $a(OCoLC)948655720 035 $a(DE-B1597)9783110197723 035 $a(Au-PeEL)EBL325615 035 $a(CaPaEBR)ebr10197242 035 $a(CaONFJC)MIL219409 035 $a(EXLCZ)991000000000689111 100 $a20060605d2006 uy 0 101 0 $aeng 135 $aur|n|---||||| 181 $ctxt 182 $cc 183 $acr 200 00$aPhases of interpretation$b[electronic resource] /$fedited by Mara Frascarelli 210 $aBerlin ;$aNew York $cMouton de Gruyter$dc2006 215 $a1 online resource (400 p.) 225 1 $aStudies in generative grammar,$x0167-4331 ;$v91 300 $aDescription based upon print version of record. 311 $a3-11-018684-5 320 $aIncludes bibliographical references and index. 327 $t Frontmatter -- $tContents -- $tIntroduction -- $tPhases and interpretation -- $tChapter 1 - Interpretation and structural conditions -- $tGrafts follow from merge -- $tAn interpretive effect of head movement -- $tWhen we do that and when we don t: A contrastive analysis of VP ellipsis and VP anaphora -- $tChapter 2 - Interpretation in the DP-phase -- $tHAVE = BE + PREP(osition): New evidence for the preposition incorporation analysis of clausal possession -- $tNorthern Norwegian degree questions and the syntax of measurement -- $tParallels in clausal and nominal periphery -- $tChapter 3 - Functional projections in the vP-phase -- $tThe properties of anticausatives crosslinguistically -- $tNumber agreement and event pluralization: A case study -- $tThe Phase Condition and cyclic Spell-out: Evidence from VP-topicalization -- $tParallel phases: a study on the high and low left periphery of Old Italian -- $tChapter 4 - The CP-phase and Subject Licensing -- $tObviation in subjunctive argument clauses and the first-personal interpretation -- $tWho is lui? Reference of Italian overt and covert subject pronouns -- $tSatisfying the Subject Criterion by a non subject: English Locative Inversion and Heavy NP Shift -- $tInformational focus in Sicilian and the left periphery -- $t Backmatter 330 $aThis book investigates the concept of phase, aiming at a structural definition of the three domains that are assumed as the syntactic loci for interface interpretation, namely vP, CP and DP. In particular, three basic issues are addressed, that represent major questions of syntactic research within the Minimalist Program in the last decade. A) How is the set of minimally necessary syntactic operations to be characterised (including questions about the exact nature of copy and merge, the status of remnant movement, the role of head movement in the grammar), B) How is the set of minimally necessary functional heads to be characterised that determine the built-up and the interpretation of syntactic objects and C) How do these syntactic operations and objects interact with principles and requirements that are thought to hold at the two interfaces. The concept of phase has also implications for the research on the functional make-up of syntactic objects, implying that functional projections not only apply in a (universally given) hierarchy but split up in various phases pertaining to the head they are related to. This volume provides major contributions to this ongoing discussion, investigating these issues in a variety of languages (Berber, Dutch, English, German, Modern Greek, Hebrew, Italian, Norwegian and West Flemish) and combining the analysis of empirical data with the theoretical insights of the last years. 410 0$aStudies in generative grammar ;$v91. 606 $aGrammar, Comparative and general$xSyntax 610 $aSyntax. 610 $agenerative syntax. 610 $aminimalist program. 615 0$aGrammar, Comparative and general$xSyntax. 676 $a415 701 $aFrascarelli$b Mara$0322344 801 0$bMiAaPQ 801 1$bMiAaPQ 801 2$bMiAaPQ 906 $aBOOK 912 $a9910782513303321 996 $aPhases of interpretation$93716772 997 $aUNINA